000 00559pam a2200181 a 4500
020 _a0803120516
082 0 0 _a693.893
_bTRE
_cN/L-01, P-100
100 _aTrechsel heinz r
_945516
245 0 0 _aMoisture control in buildings /
_cHeinz R. Trechsel, editor.
260 _aPhiladelphia, PA :
_bASTM,
_cc1994.
300 _a485 p. :
_bill. ;
_c29 cm.
526 _a0
_b0
_c0
_d693_893000000000000_TRE
650 0 _aDampness in buildings.
_940448
650 0 _aMCE
_9379
650 0 _aWaterproofing.
_922101
700 1 _aTrechsel, Heinz R.
_945517
942 _2ddc
_cBK
999 _c549018
_d549018